Tolsztoj.
Elmentve itt :
| Szerző: | |
|---|---|
| Adatforrás: | Philobibl |
| Forrásdokumentuma: | Vasárnapi Ujság 1910. évf., 985-986.p. p. |
| Dokumentumtípus: | Cikk |
| Nyelv: | magyar |
| LEADER | 00278nab a2200097 c 4500 | ||
|---|---|---|---|
| 001 | bibDOK00023937 | ||
| 005 | 20200924121809.3 | ||
| 008 | 060518s1910 hu hun | ||
| 100 | 1 | |a Schöpflin Aladár | |
| 245 | 1 | 0 | |a Tolsztoj. |c Schöpflin Aladár |
| 773 | 0 | |t Vasárnapi Ujság |g 1910. évf., 985-986.p. p. | |